L'anthropologie criminelle et ses récents progrès

Enregistré dans:
Détails bibliographiques
Auteur principal: Lombroso, Cesare (autor)
Format: Livre
Langue:français
Publié: París Félix Alcan 1904
Édition:5a. ed
Sujets:
Tags: Ajouter un tag
Pas de tags, Soyez le premier à ajouter un tag!

MARC

LEADER 00000nam a2200000 a 4500
001 UCS2562
003 CL-VaPUC
008 970604e19040000FR |||||||||||||||||fre|d
082 0 4 |a 364.2  |b LOM  |2 21 
100 |a Lombroso, Cesare  |e autor  |9 388147 
245 1 2 |a L'anthropologie criminelle et ses récents progrès 
250 |a 5a. ed 
300 |a 185 p 
942 |c BK 
945 |d 19970604 00:00:00  |a paguirre 
260 |a París  |b Félix Alcan  |c 1904 
650 0 |a Antropología cultural   |9 269905 
650 0 |a Criminología  |9 256168 
650 7 |a PSICOLOGIA CRIMINAL  |2 CL-VaPUC  |9 256274 
650 7 |a CRIMINALES  |2 CL-VaPUC  |9 322996 
650 0 |a Delitos  |9 224143 
583 |a last modification  |c 19970604 00:00:00  |k Rodrigo Vera 
999 |c 260508  |d 260506 
952 |0 0  |1 0  |4 0  |6 364_200000000000000_LOM_1904  |7 0  |8 X  |9 286694  |a BIBDER  |b BIBDER  |d 2019-11-19  |i 1861247  |o 364.2 LOM 1904  |p 1861247  |r 2023-01-25  |w 2019-11-19  |y BK_X  |k DER